Name Every Southwestern Conference Team Names - Statistics

General Stats
  • This quiz has been taken 9 times
  • The average score is 10 of 11
Answer Stats
Hint Answer % Correct
SWC-Big8-Big12-SEC Oklahoma Sooners
100%
SWC-Big12-SEC Texas A&M Aggies
100%
SWC-Big12-SEC Texas Longhorns
100%
SWC-SEC Arkansas Razorbacks
86%
SWC-Big12 Baylor Bears
86%
SWC-WAC-CUSA-AAC Rice Owls
86%
SWC-AAC-ACC SMU Mustangs
86%
SWC-MWC-Big12 TCU Horned Frogs
86%
SWC-Big12 Texas Tech Red Raiders
86%
SWC-CUSA-AAC-Big12 Houston Cougars
71%
SWC-MVC-Big8-Big12 Oklahoma State Cowboys
71%
No matching quizzes found
Score Distribution
Percent of People with Each Score
Percentile by Number Answered
Your Score History
You have not taken this quiz